Richest Asian Cities by Decade (2060-2100) - Statistics

General Stats
  • This quiz has been taken 46 times
  • The average score is 37 of 43
Answer Stats
Year Rank GDP Answer % Correct
2. 4.37T Beijing
100%
2. 5.51T Beijing
100%
2. 6.6T Beijing
100%
3. 7.74T Beijing
100%
4. 8.89T Beijing
100%
2060 1. 4.69T Shanghai
100%
2070 1. 5.91T Shanghai
100%
2080 1. 7.08T Shanghai
100%
2090 1. 8.3T Shanghai
100%
3. 9.54T Shanghai
100%
7. 2.93T Delhi
97%
4. 4.48T Delhi
97%
4. 5.94T Delhi
97%
4. 7.66T Delhi
97%
2. 9.86T Delhi
97%
8. 2.92T Jakarta
95%
6. 4.05T Jakarta
95%
5. 5.13T Jakarta
95%
5. 6.27T Jakarta
95%
5. 8.1T Jakarta
95%
6. 2.99T Mumbai
95%
3. 4.57T Mumbai
95%
3. 6.06T Mumbai
95%
2. 7.82T Mumbai
95%
2100 1. 10.06T Mumbai
95%
3. 3.8T Tokyo
95%
7. 4.02T Tokyo
95%
9. 4.15T Tokyo
95%
5. 3.03T Guangzhou
82%
8. 3.82T Guangzhou
82%
7. 4.57T Guangzhou
82%
7. 5.37T Guangzhou
82%
8. 6.17T Guangzhou
82%
9. 2.88T Chongqing
64%
9. 3.63T Chongqing
64%
8. 4.35T Chongqing
64%
8. 5.1T Chongqing
64%
10. 4.7T Bengaluru
54%
9. 6.05T Bengaluru
54%
10. 3.86T Chennai
54%
9. 4.98T Chennai
54%
7. 6.41T Chennai
54%
10. 5.99T Hyderabad
51%
No matching quizzes found
Score Distribution
Percent of People with Each Score
Percentile by Number Answered
Your Score History
You have not taken this quiz